| 000 | 01129cam a2200265 4500 | ||
|---|---|---|---|
| 001 | L137129 | ||
| 008 | 070315s2007 xxk f 000 0 eng d | ||
| 020 | _a9781904829515 | ||
| 035 | _a(Sirsi) u137129 | ||
| 041 | 0 | _aeng | |
| 050 | 0 | 4 | _a692.5 $2 18 |
| 240 | 0 | 0 | _aBCIS Wessex guide to estimating for small works 2007 |
| 245 | 0 | 0 |
_aGuide to estimating for small works _b2007 |
| 250 | _a13th ed. | ||
| 260 |
_aPoole _bBCIS Wessex _c2007 |
||
| 300 |
_aVarious pagings _c21 x 30cm. |
||
| 350 | _a£45 | ||
| 520 | _aProvides prices and estimates for the specialised small works sector of the market. Contains: standard estimates for single storey flat and pitch roofs; standard estimates for two storey flat and pitch roofs; cost details and adjustments; rates for alteration work; rates for external works; basic prices, labour, plant and materials; and planning and building regulations fees. | ||
| 520 | _aSupersedes 12th ed. (E133368). | ||
| 651 | 4 |
_aUnited Kingdom _y |
|
| 690 | _aBUILT ENVIRONMENT-BUILDING COSTS | ||
| 700 | 1 | _aBarnett, N.P. | |
| 710 | 1 |
_aBuilding Cost Information Service _bWessex |
|
| 942 | _n0 | ||
| 999 |
_c106654 _d106654 |
||